000 00671nam a22001817a 4500
003 UA-OsUOA
001 13699
007 ta
008 20030616b un ||||| |||| 00| 0 ukr d
100 _aБагнюк О.
942 _cSA
040 _aUA-OsUOA
_cUA-OsUOA
_dUA-OsUOA
245 _a"Фокстрот": мелодія сучасної техніки у Рівному
_b[Відкриття супермаркету електорніки мережі магазину "Фокстрот" у Рівному]
300 _aС.7
955 _a0
773 0 _w0
_tОго
_dРівне
_d2003
_g№93/29 трав./
650 7 _aКраєзнавча робота
_2UDC
999 _c299860
_d299860